| 000 | 00788nam a22002177a 4500 | ||
|---|---|---|---|
| 999 |
_c11542 _d11542 |
||
| 003 | AR-CdUCM | ||
| 008 | 190404b ||||| |||| 00| 0 spa d | ||
| 040 |
_aMUNICIPALIDAD PROVINCIAL DEL CUSCO _cBIBLIOTECA MUNICIPAL DEL CUSCO |
||
| 082 |
_aES / 465 / _bS23 |
||
| 100 |
_aSantillán Arista, Humberto, _928959 |
||
| 245 |
_aLenguaje y literatura : _bPrimer grado de secundaria / |
||
| 260 |
_aCallao : _bColegio Militar Leoncio Prado, |
||
| 300 |
_a250 paginas ; _bIlustraciones, _c20 cm. |
||
| 505 | _aContenido :Nuevo programa del lenguaje --Calendario cívico escolar / | ||
| 650 |
_aLenguaje y lenguas _912915 |
||
| 650 |
_aTextos escolares _94527 |
||
| 650 |
_aLiteratura _983 |
||
| 700 |
_aColegio Militar Leoncio Prado (Callao) _928960 |
||
| 942 |
_2ddc _cLIBROS |
||
| 945 | _arjall | ||